书目信息 |
| 题名: |
中文版3ds max 6建筑设计实例教程
|
|
| 作者: | 李香敏 主编 | |
| 分册: | ||
| 出版信息: | 西安 西北电子科技大学出版社 2004.04 |
|
| 页数: | 451页, 2页图版 | |
| 开本: | 26cm | |
| 丛书名: | ||
| 单 册: | ||
| 中图分类: | TU201.4 | |
| 科图分类: | ||
| 主题词: | 建筑设计--计算机辅助设计--图形软件 | |
| 电子资源: | ||
| ISBN: | 7-5606-1369-1 | |
| 000 | 00950nam0 2200241 450 | |
| 001 | 0140803112 | |
| 005 | 20050910152535.37 | |
| 010 | @a7-5606-1369-1@dCNY39.00 | |
| 100 | @a20040803d2004 km y0chiy0120 ea | |
| 101 | 0 | @achi |
| 102 | @aCN@b610000 | |
| 105 | @aaf z 000yy | |
| 200 | 1 | @a中文版3ds max 6建筑设计实例教程@AZhong Wen Ban 3ds max 6 Jian Zhu She Ji Shi Li Jiao Cheng@f李香敏主编@Fli xiang min zhu bian |
| 210 | @a西安@c西北电子科技大学出版社@d2004.04 | |
| 215 | @a451页, 2页图版@c图@d26cm | |
| 330 | @a本书共包括六个部分:3ds max 6基础知识,基础建筑设施部分和小型建筑设施部分的实例等,每个实例均包括实例目标、创作分析、操作步骤、要点回顾等内容。 | |
| 517 | 1 | @a3ds max 6建筑设计实例教程@A3ds max 6 jian zhu she ji shi li jiao cheng |
| 606 | 0 | @a建筑设计@x计算机辅助设计@x图形软件 |
| 610 | 0 | @a3DS MAX |
| 690 | @aTU201.4@v4 | |
| 701 | 0 | @a李香敏@Ali xiang min@4主编 |
| 801 | 0 | @aCN@bQSSK@c20050910 |
| 905 | @a10447@dTU201.4@eL294 | |
| 中文版3ds max 6建筑设计实例教程/李香敏主编.-西安:西北电子科技大学出版社,2004.04 |
| 451页, 2页图版:图;26cm |
| ISBN 7-5606-1369-1:CNY39.00 |
| 本书共包括六个部分:3ds max 6基础知识,基础建筑设施部分和小型建筑设施部分的实例等,每个实例均包括实例目标、创作分析、操作步骤、要点回顾等内容。 |
| ● |
| 相关链接 |
|
|
|
正题名:中文版3ds max 6建筑设计实例教程
索取号:TU201.4/L294
 
预约/预借
| 序号 | 登录号 | 条形码 | 馆藏地/架位号 | 状态 | 备注 |
| 1 | 568755 | 205687559 | 建筑库101/101建筑库 34排4列1层/ [索取号:TU201.4/L294] | 在馆 | |
| 2 | 568756 | 205687568 | 建筑库101/101建筑库 34排4列1层/ [索取号:TU201.4/L294] | 在馆 | |
| 3 | 568757 | 205687577 | 建筑库101/101建筑库 34排4列1层/ [索取号:TU201.4/L294] | 在馆 |